NBA 2018-19 Top 10 Stat Leader Predictions - Statistics

General Stats
  • This quiz has been taken 312 times
    295 since last reset
  • The average score is 33 of 50
Answer Stats
Hint Trending Answer % Correct
4 Lebron James
99%
3 Lebron James
99%
1 - James Harden
95%
5 James Harden
95%
9 Stephen Curry
95%
7 Kevin Durant
93%
6 Russell Westbrook
90%
1 - Russell Westbrook
90%
4 Russell Westbrook
90%
6 Chris Paul
86%
10 Chris Paul
86%
2 Giannis Antetokounmpo
86%
10 Giannis Antetokounmpo
86%
10 Giannis Antetokounmpo
86%
3 Anthony Davis
85%
5 - Anthony Davis
85%
1 - Anthony Davis
85%
1 Paul George
78%
1 - Andre Drummond
76%
5 Andre Drummond
76%
10 Joel Embiid
76%
6 Joel Embiid
76%
2 Joel Embiid
76%
9 - Nikola Jokic
75%
5 Damian Lillard
69%
10 Damian Lillard
69%
7 Rudy Gobert
68%
7 Draymond Green
64%
3 Jimmy Butler
62%
4 Ben Simmons
56%
6 Ben Simmons
56%
3 Karl-Anthony Towns
53%
9 Karl-Anthony Towns
53%
8 Kyle Lowry
51%
2 - Deandre Jordan
50%
8 Devin Booker
50%
2 - John Wall
50%
8 - Clint Capela
49%
4 Clint Capela
49%
8 Hassan Whiteside
45%
3 Myles Turner
43%
7 Jrue Holiday
39%
2 Victor Oladipo
37%
4 Dwight Howard
36%
6 Dwight Howard
36%
9 Gary Harris
25%
9 Ricky Rubio
22%
8 Ricky Rubio
22%
5 Eric Bledsoe
20%
7 Enes Kanter
15%
No matching quizzes found
Score Distribution
Percent of People with Each Score
Percentile by Number Answered
Your Score History
You have not taken this quiz since the last reset